Hokej

Bibliographic Details
Format: Article
Language:Slovak
PhysicalDescription:Tab.
ISSN:0139-7001
Subjects:

MARC

LEADER 00000nab a2200000 a 4500
001 vtls000887229
003 SK-MaSNL
005 20260302165722.0
008 180206c2004 xo 0 slo
015 |a SNBRB2004/10-29241 
035 |a CLN000238664 
040 |a SNKBUCL  |b slo  |c SNKBUCL  |e AACR2 
041 0 |a slo 
044 |a xo  |c SK 
080 |a 796.966.093.1-053.6  |2 UDC-MRF-SK2 
245 0 0 |a Hokej 
300 |b Tab. 
650 0 7 |a hokej ľadový  |x juniori  |x Extraliga  |x kolo 9.  |y sezóna 2004/2005  |2 snkbucl  |9 870802 
655 7 |a články z novín a časopisov  |2 snkbucl  |9 267496 
773 0 |x 0139-7001  |t Šport  |g Roč. 58, č. 229 (4.10.2004), s. 5 
850 |a Slovenská národná knižnica v Martine 
852 |a SNK  |b KIS3GCP 
958 |a RBX 
999 |c 1390821  |d 1392751